Capitales du monde sans les lettres A ou E - Statistiques

Statistiques générales
  • Ce quiz a été pris 191 fois
    142 depuis la dernière actualisation
  • Le résultat moyen est 13 sur 19
Statistiques - réponses
Réponse % Correct
Oslo
91%
Tokyo
88%
Tunis
81%
Stockholm
80%
Tripoli
80%
Minsk
78%
Vilnius
76%
Moscou
75%
Dublin
74%
Quito
73%
Dili
72%
Thimphou
68%
Djibouti
64%
Porto-Novo
62%
Tbilissi
62%
Kingston
56%
Kingstown
56%
Moroni
55%
Port Louis
46%
Aucun quiz correspondant
Distribution des résultats
% des personnes avec chaque résultat
Percentile par nombre de réponses
Votre historique - résultats
Vous n’avez pas pris ce quiz depuis la dernière actualisation